[Event "Oberliga Ost B"]
[Site "?"]
[Date "2022.04.03"]
[Round "11.3"]
[White "Alber, Horst"]
[Black "Hebbering, Tom Elliot"]
[Result "1/2-1/2"]
[WhiteElo "2268"]
[BlackElo "2230"]
[PlyCount "129"]
[EventDate "2021.10.10"]
[EventType "team-tourn"]
[EventCountry "GER"]
[WhiteTeam "Marburg SK"]
[BlackTeam "Gernsheim SK"]
[WhiteTeamCountry "GER"]
[BlackTeamCountry "GER"]

1. d4 d5 2. c4 e6 3. Nc3 Bb4 4. e3 Nf6 5. Bd2 O-O 6. Nf3 b6 7. Rc1 Ba6 8. Qa4
Bxc3 9. Bxc3 dxc4 10. Bxc4 Bxc4 11. Qxc4 Qd5 12. Bb4 Rc8 13. Ke2 Qxc4+ 14. Rxc4
Na6 15. Bd2 c5 16. Rhc1 b5 17. R4c2 Nd5 18. a3 c4 19. b3 Nb6 20. bxc4 Rxc4 21.
Ne5 Rxc2 22. Rxc2 f6 23. Nc6 Kf7 24. Nb4 Nxb4 25. Rc7+ Kg6 26. Bxb4 Nd5 27. Rb7
Nxb4 28. axb4 a5 29. Rxb5 a4 30. Rc5 Rb8 31. b5 a3 32. Rc3 Rxb5 33. Rxa3 Rb2+
34. Kf3 Rd2 35. Ra7 f5 36. Rd7 Kf6 37. h3 h5 38. h4 g6 39. g3 Ra2 40. Rb7 Rc2
41. e4 fxe4+ 42. Ke3 Ra2 43. Rb5 Rc2 44. Re5 Rc3+ 45. Kxe4 Rc1 46. Ra5 Re1+ 47.
Kf4 Rd1 48. Ra4 Rd2 49. Ke3 Rd1 50. Ra7 Re1+ 51. Kf4 Rc1 52. Rd7 Rd1 53. f3 Rh1
54. d5 e5+ 55. Ke3 Re1+ 56. Kf2 Rd1 57. Rd6+ Kf7 58. Ke2 Rd4 59. Ke3 Rd1 60.
Rd7+ Kf6 61. Rd6+ Kf5 62. g4+ hxg4 63. fxg4+ Kxg4 64. Rxg6+ Kf5 65. Rd6 1/2-1/2

[Event "Oberliga Ost B"]
[Site "?"]
[Date "2022.04.03"]
[Round "11.4"]
[White "Dietz, Holger"]
[Black "Dorst, Johannes"]
[Result "1/2-1/2"]
[WhiteElo "2293"]
[BlackElo "2235"]
[PlyCount "209"]
[EventDate "2021.10.10"]
[EventType "team-tourn"]
[EventCountry "GER"]
[WhiteTeam "Gernsheim SK"]
[BlackTeam "Marburg SK"]
[WhiteTeamCountry "GER"]
[BlackTeamCountry "GER"]

1. b3 c5 2. Bb2 Nc6 3. e3 e6 4. Nf3 Nf6 5. d4 cxd4 6. exd4 Be7 7. a3 O-O 8. Bd3
a6 9. O-O b5 10. Re1 Qc7 11. Nbd2 b4 12. Nc4 bxa3 13. Bxa3 Bxa3 14. Rxa3 Nb4
15. Na5 Nxd3 16. Qxd3 d6 17. Qc4 Qb6 18. Rea1 Re8 19. Ra4 Bd7 20. Rb4 Bb5 21.
Qc3 Nd5 22. Qd2 Nxb4 23. Qxb4 Qc7 24. c4 Bd7 25. Qc3 h6 26. h3 Rab8 27. Ne1 Qd8
28. Nd3 Qg5 29. f4 Qg3 30. Rf1 Qh4 31. Rf3 Rec8 32. Kh2 Qf6 33. Nf2 Qf5 34. Ng4
h5 35. Ne3 Qe4 36. b4 h4 37. d5 Rc7 38. Nb3 Bb5 39. Nd2 Qg6 40. Qd4 Be8 41.
dxe6 Qxe6 42. Nd5 Rcb7 43. Re3 Qh6 44. f5 Bc6 45. Ne7+ Rxe7 46. Rxe7 Qg5 47.
Re2 Qg3+ 48. Kg1 Rxb4 49. Qa1 Ra4 50. Qb2 Ra5 51. Nf1 Qf4 52. Rf2 Qe5 53. Qb6
Rc5 54. Qd8+ Qe8 55. Qxh4 f6 56. Qd4 Qe5 57. Qxe5 Rxe5 58. g4 d5 59. cxd5 Rxd5
60. Rc2 Bb5 61. Ng3 Rd7 62. Rc8+ Kh7 63. Nh5 Rd4 64. Kf2 Rc4 65. Ra8 Rc2+ 66.
Kg3 Rc3+ 67. Kf2 Rf3+ 68. Kg2 Rxf5 69. Ra7 Rxh5 70. gxh5 Be2 71. Kg3 Bxh5 72.
Rxa6 Be2 73. Re6 Bd3 74. Re7 Kh6 75. Rf7 Bc4 76. Rf8 Kg6 77. Kf4 Bf1 78. h4 Be2
79. Ke3 Bd1 80. Ke4 Bc2+ 81. Kd5 Kf5 82. Kd6 Kg4 83. Rf7 g5 84. hxg5 Kxg5 85.
Ke7 f5 86. Rg7+ Kf4 87. Kf6 Be4 88. Rg8 Bd5 89. Rd8 Be4 90. Rd4 Ke3 91. Ke5 Kf3
92. Ra4 Ke3 93. Ra1 Kf3 94. Rg1 Kf2 95. Rg8 Kf3 96. Rh8 Kg3 97. Rh7 Kg4 98.
Rg7+ Kf3 99. Rg6 Bc2 100. Rc6 Bd3 101. Rd6 Be4 102. Ra6 Bd3 103. Ra3 Ke3 104.
Rxd3+ Kxd3 105. Kxf5 1/2-1/2

[Event "Oberliga Ost B"]
[Site "?"]
[Date "2022.04.03"]
[Round "11.5"]
[White "Henrich, Thomas"]
[Black "Mueller, Maximilian"]
[Result "1/2-1/2"]
[WhiteElo "2118"]
[BlackElo "2314"]
[PlyCount "82"]
[EventDate "2021.10.10"]
[EventType "team-tourn"]
[EventCountry "GER"]
[WhiteTeam "Marburg SK"]
[BlackTeam "Gernsheim SK"]
[WhiteTeamCountry "GER"]
[BlackTeamCountry "GER"]

1. e4 c5 2. Nf3 d6 3. d4 cxd4 4. Nxd4 Nf6 5. Nc3 e5 6. Bb5+ Bd7 7. Bxd7+ Qxd7
8. Nf5 Nxe4 9. Nxe4 Qxf5 10. Nxd6+ Bxd6 11. Qxd6 Nc6 12. O-O Rd8 13. Qc5 Qe6
14. Be3 Rd5 15. Qa3 f5 16. c4 Rd7 17. Rad1 Kf7 18. Rxd7+ Qxd7 19. Qb3 Rd8 20.
Bg5 Nd4 21. Qd1 Rc8 22. Re1 h6 23. Bd2 Rxc4 24. Rxe5 Rc2 25. Kh1 Rc8 26. Bc3
Rd8 27. h3 Kg6 28. Qd3 Nc6 29. Qg3+ Kf7 30. Rb5 g5 31. Qf3 Kg6 32. Rc5 Qd1+ 33.
Qxd1 Rxd1+ 34. Kh2 f4 35. g3 Nd4 36. Bxd4 Rxd4 37. Rc2 Kf5 38. Kg2 fxg3 39.
Kxg3 h5 40. Rc5+ Kg6 41. Rc7 Rb4 1/2-1/2

[Event "Oberliga Ost B"]
[Site "?"]
[Date "2022.04.03"]
[Round "11.6"]
[White "Peterson, Emery"]
[Black "Duncker, Joachim"]
[Result "1/2-1/2"]
[WhiteElo "2188"]
[BlackElo "2180"]
[PlyCount "74"]
[EventDate "2021.10.10"]
[EventType "team-tourn"]
[EventCountry "GER"]
[WhiteTeam "Gernsheim SK"]
[BlackTeam "Marburg SK"]
[WhiteTeamCountry "GER"]
[BlackTeamCountry "GER"]

1. d4 Nf6 2. e3 d5 3. f4 c5 4. Nf3 Nc6 5. c3 cxd4 6. exd4 e6 7. Bd3 Bd6 8. O-O
Ne7 9. Ne5 a6 10. Nd2 b5 11. Qf3 g6 12. Qh3 h5 13. Ndf3 Rf8 14. f5 exf5 15. Bh6
Ne4 16. Bxf8 Kxf8 17. Bxe4 dxe4 18. Ng5 f6 19. Nxg6+ Nxg6 20. Qxh5 fxg5 21.
Qxg6 Ra7 22. Rae1 Rg7 23. Rxf5+ Kg8 24. Qf6 Be7 25. Qe5 Bxf5 26. Qxf5 Qd6 27.
Qxe4 Rf7 28. Qe6 Qf4 29. h3 Bd6 30. Qg6+ Kf8 31. Qh6+ Kg8 32. Qg6+ Rg7 33. Qe8+
Kh7 34. Qh5+ Kg8 35. Qe8+ Kh7 36. Qh5+ Kg8 37. Qe8+ Kh7 1/2-1/2

[Event "Oberliga Ost B"]
[Site "?"]
[Date "2022.04.03"]
[Round "11.7"]
[White "Neidhardt, Helge"]
[Black "Schupp, Uwe"]
[Result "1/2-1/2"]
[WhiteElo "2014"]
[BlackElo "2112"]
[PlyCount "196"]
[EventDate "2021.10.10"]
[EventType "team-tourn"]
[EventCountry "GER"]
[WhiteTeam "Marburg SK"]
[BlackTeam "Gernsheim SK"]
[WhiteTeamCountry "GER"]
[BlackTeamCountry "GER"]

1. d4 d6 2. Nf3 Nf6 3. c4 Nbd7 4. Nc3 e5 5. e4 Be7 6. Be2 O-O 7. O-O c6 8. Qc2
a6 9. Rd1 Qc7 10. Rb1 b5 11. b4 bxc4 12. dxe5 Nxe5 13. Nxe5 dxe5 14. Bxc4 Rb8
15. a3 a5 16. b5 Bg4 17. Re1 Bc5 18. Na4 Bd4 19. b6 Bxb6 20. Nxb6 Rxb6 21. Rxb6
Qxb6 22. Be3 Qc7 23. f3 Bd7 24. Rb1 Re8 25. Bc5 Be6 26. a4 Nd7 27. Be3 Bxc4 28.
Qxc4 h6 29. Rc1 Rc8 30. Qc3 Nf8 31. Bd2 Ne6 32. Qxa5 Qxa5 33. Bxa5 Nd4 34. Rc4
Ra8 35. Bb6 Rb8 36. Bxd4 exd4 37. Rxd4 Rb1+ 38. Kf2 Ra1 39. Rc4 Ra2+ 40. Kg3
Kf8 41. h4 h5 42. Rxc6 Rxa4 43. Kf4 g6 44. Rc7 Kg7 45. g3 Rb4 46. Ra7 Rc4 47.
Ra5 Kf6 48. Ra3 Rb4 49. Ke3 Rb1 50. Ra6+ Kg7 51. Ra7 Rb3+ 52. Kf4 Rb4 53. Rd7
Ra4 54. Rd3 Rb4 55. Re3 Kf6 56. Re2 Ra4 57. Rb2 Rc4 58. Rb6+ Kg7 59. Rd6 Ra4
60. Kg5 Ra3 61. Kf4 Ra4 62. g4 hxg4 63. fxg4 Rb4 64. h5 gxh5 65. gxh5 Rb1 66.
h6+ Kh7 67. Rf6 Rh1 68. Rxf7+ Kxh6 69. Kf5 Rf1+ 70. Ke6 Ra1 71. Rd7 Kg5 72. Ke5
Ra5+ 73. Rd5 Ra6 74. Rc5 Rb6 75. Ra5 Kg6 76. Kd5 Kf6 77. Kc4 Ke6 78. Kd4 Rb4+
79. Ke3 Rb3+ 80. Kf4 Rb1 81. Ra6+ Ke7 82. Kf5 Rb5+ 83. e5 Rb7 84. Rh6 Rb1 85.
Rh7+ Ke8 86. Kf6 Rf1+ 87. Ke6 Kf8 88. Rh8+ Kg7 89. Rd8 Re1 90. Rd7+ Kg6 91. Rd3
Kg5 92. Rf3 Ra1 93. Rd3 Re1 94. Kd6 Kf5 95. Rd5 Ra1 96. Rc5 Ra6+ 97. Kd5 Ra1
98. Kd6 Ra6+ 1/2-1/2

[Event "Oberliga Ost B"]
[Site "?"]
[Date "2022.04.03"]
[Round "11.8"]
[White "Lukas, Anne"]
[Black "Nekhamkis, Genadi"]
[Result "0-1"]
[WhiteElo "2025"]
[BlackElo "2099"]
[PlyCount "46"]
[EventDate "2021.10.10"]
[EventType "team-tourn"]
[EventCountry "GER"]
[WhiteTeam "Gernsheim SK"]
[BlackTeam "Marburg SK"]
[WhiteTeamCountry "GER"]
[BlackTeamCountry "GER"]

1. Nf3 f5 2. d3 d6 3. e4 e5 4. Nc3 Nc6 5. Be2 Nf6 6. Bg5 Be7 7. Qd2 O-O 8.
O-O-O Nd4 9. h3 a6 10. Bxf6 Bxf6 11. Nd5 fxe4 12. Nxf6+ Qxf6 13. dxe4 Nxe2+ 14.
Qxe2 Be6 15. Qe3 h6 16. Qc3 Rf7 17. Kb1 b5 18. Qa5 Qg6 19. Qe1 Qxg2 20. Nh4
Qxf2 21. Ng6 Qxe1 22. Rdxe1 Kh7 23. Reg1 Rf6 0-1

[Event "Oberliga Ost B"]
[Site "?"]
[Date "2022.04.03"]
[Round "11.1"]
[White "Siebarth, Raiko"]
[Black "Sadeghi, Behrang"]
[Result "1-0"]
[WhiteElo "2331"]
[BlackElo "2256"]
[PlyCount "79"]
[EventDate "2021.10.10"]
[EventType "team-tourn"]
[EventCountry "GER"]
[WhiteTeam "Stadtilm SG BW"]
[BlackTeam "Homburg Bad SK"]
[WhiteTeamCountry "GER"]
[BlackTeamCountry "GER"]

1. e4 c5 2. Nf3 d6 3. d4 cxd4 4. Nxd4 Nf6 5. f3 a6 6. c4 Nc6 7. Nc3 g6 8. Be3
Bg7 9. Nc2 Be6 10. Be2 Rc8 11. Nd5 Bxd5 12. cxd5 Ne5 13. O-O O-O 14. Bd4 Ned7
15. Ne3 Ne8 16. a4 Bxd4 17. Qxd4 Qb6 18. Qxb6 Nxb6 19. a5 Nd7 20. Ra3 Nef6 21.
g4 h5 22. g5 Nh7 23. f4 Rc7 24. Nc4 Rfc8 25. Rc1 Kg7 26. Rac3 f6 27. h4 fxg5
28. hxg5 Rf8 29. Rf1 Rc5 30. Rb3 Rc7 31. Re3 Rfc8 32. b3 Rf8 33. e5 dxe5 34.
fxe5 Rxf1+ 35. Bxf1 Nc5 36. b4 Na4 37. d6 exd6 38. exd6 Rd7 39. Bh3 Rf7 40. d7
1-0

[Event "Oberliga Ost B"]
[Site "?"]
[Date "2022.04.03"]
[Round "11.2"]
[White "Dunsbach, Ralf"]
[Black "Schneider, Christian"]
[Result "1/2-1/2"]
[WhiteElo "2146"]
[BlackElo "2229"]
[PlyCount "69"]
[EventDate "2021.10.10"]
[EventType "team-tourn"]
[EventCountry "GER"]
[WhiteTeam "Homburg Bad SK"]
[BlackTeam "Stadtilm SG BW"]
[WhiteTeamCountry "GER"]
[BlackTeamCountry "GER"]

1. c4 Nf6 2. g3 e5 3. Bg2 d5 4. cxd5 Nxd5 5. Nc3 Nb6 6. Nf3 Nc6 7. O-O Be7 8.
a3 a5 9. d3 O-O 10. Be3 Re8 11. Ne4 Nd5 12. Bc5 Bxc5 13. Nxc5 Nd4 14. e3 Nxf3+
15. Bxf3 c6 16. Qc2 Qf6 17. Bg2 h5 18. h4 Qe7 19. Rac1 Bg4 20. Rfe1 Rab8 21.
Ne4 Bd7 22. Qc5 b6 23. Qxe7 Rxe7 24. Nd2 Be8 25. d4 exd4 26. exd4 Rxe1+ 27.
Rxe1 Nf6 28. Ne4 Nxe4 29. Bxe4 Rd8 30. Bf3 Kf8 31. Rc1 Rxd4 32. Bxc6 Rd2 33. b4
axb4 34. axb4 Rd6 35. Bxe8 1/2-1/2

[Event "Oberliga Ost B"]
[Site "?"]
[Date "2022.04.03"]
[Round "11.3"]
[White "Dittrich, Tom"]
[Black "Schmidt, Walter"]
[Result "0-1"]
[WhiteElo "1975"]
[BlackElo "2229"]
[PlyCount "36"]
[EventDate "2021.10.10"]
[EventType "team-tourn"]
[EventCountry "GER"]
[WhiteTeam "Stadtilm SG BW"]
[BlackTeam "Homburg Bad SK"]
[WhiteTeamCountry "GER"]
[BlackTeamCountry "GER"]

1. e4 c5 2. Nf3 Nc6 3. d4 cxd4 4. Nxd4 e6 5. Nc3 Qc7 6. Be3 a6 7. Qf3 Nf6 8. a3
Be7 9. h3 O-O 10. g4 b5 11. Bg2 Bb7 12. O-O Na5 13. g5 Ne8 14. Qg4 Nc4 15. Bc1
Nxa3 16. Bf4 Qb6 17. Be3 Nc4 18. Nf5 exf5 0-1

[Event "Oberliga Ost B"]
[Site "?"]
[Date "2022.04.03"]
[Round "11.4"]
[White "Kaliski, Erwin"]
[Black "Siebarth, Marco"]
[Result "1/2-1/2"]
[WhiteElo "2178"]
[BlackElo "2019"]
[PlyCount "88"]
[EventDate "2021.10.10"]
[EventType "team-tourn"]
[EventCountry "GER"]
[WhiteTeam "Homburg Bad SK"]
[BlackTeam "Stadtilm SG BW"]
[WhiteTeamCountry "GER"]
[BlackTeamCountry "GER"]

1. e4 c5 2. Nf3 Nc6 3. d4 cxd4 4. Nxd4 Nf6 5. Nc3 d6 6. Be2 a6 7. Be3 e6 8. Qd2
Be7 9. O-O Qc7 10. a4 O-O 11. f4 Bd7 12. Kh1 Rac8 13. g4 Nxd4 14. Bxd4 Bc6 15.
Bf3 e5 16. Be3 exf4 17. Bxf4 Nd7 18. Rad1 Ne5 19. Be2 Kh8 20. Qe3 Rb8 21. Rd2
b5 22. axb5 axb5 23. Rfd1 b4 24. Nd5 Bxd5 25. exd5 Ng6 26. Bd3 Bf6 27. Bxg6
hxg6 28. Qg3 Rfd8 29. b3 g5 30. Be3 Kg8 31. Qf2 Re8 32. Re2 Qd7 33. Qf3 Qb5 34.
Rde1 Bc3 35. Rf1 Rb7 36. Ref2 Re5 37. Rd1 Rbe7 38. Bd4 Re1+ 39. Rxe1 Rxe1+ 40.
Kg2 Bxd4 41. Qxf7+ Kh7 42. Qh5+ Kg8 43. Qf7+ Kh7 44. Qh5+ Kg8 1/2-1/2

[Event "Oberliga Ost B"]
[Site "?"]
[Date "2022.04.03"]
[Round "11.5"]
[White "Mehlhorn, Uwe"]
[Black "Lenz, Jonas"]
[Result "1/2-1/2"]
[WhiteElo "2033"]
[BlackElo "2099"]
[PlyCount "49"]
[EventDate "2021.10.10"]
[EventType "team-tourn"]
[EventCountry "GER"]
[WhiteTeam "Stadtilm SG BW"]
[BlackTeam "Homburg Bad SK"]
[WhiteTeamCountry "GER"]
[BlackTeamCountry "GER"]

1. c4 g6 2. Nc3 Nf6 3. e4 d6 4. d4 Bg7 5. Nf3 O-O 6. h3 c5 7. d5 e6 8. Be2 exd5
9. exd5 Re8 10. O-O Bf5 11. Be3 Rxe3 12. fxe3 Qe7 13. e4 Nxe4 14. Nxe4 Qxe4 15.
Qd2 h5 16. Rae1 Nd7 17. b3 Ne5 18. Kh1 Nxf3 19. Bxf3 Qh4 20. Qf2 Bf6 21. Qxh4
Bxh4 22. Re3 Bg5 23. Ree1 Bh4 24. Re3 Bg5 25. Ree1 1/2-1/2

[Event "Oberliga Ost B"]
[Site "?"]
[Date "2022.04.03"]
[Round "11.7"]
[White "Schroeter, Maik"]
[Black "Kaiser, Richard"]
[Result "0-1"]
[WhiteElo "1947"]
[BlackElo "2117"]
[PlyCount "98"]
[EventDate "2021.10.10"]
[EventType "team-tourn"]
[EventCountry "GER"]
[WhiteTeam "Stadtilm SG BW"]
[BlackTeam "Homburg Bad SK"]
[WhiteTeamCountry "GER"]
[BlackTeamCountry "GER"]

1. e4 d6 2. Nc3 Nf6 3. g3 c5 4. Bg2 Nc6 5. Nge2 g6 6. d3 Bg7 7. h3 O-O 8. Be3
Rb8 9. g4 b5 10. Ng3 b4 11. Nce2 Ne8 12. Qc1 Nc7 13. Bh6 e5 14. h4 Bxh6 15.
Qxh6 Qf6 16. Nf5 Ne8 17. Ne3 Qg7 18. Qxg7+ Kxg7 19. g5 Nc7 20. Kd2 Nd4 21. Nxd4
cxd4 22. Nd5 Nxd5 23. exd5 f6 24. gxf6+ Rxf6 25. Raf1 Rb5 26. f4 exf4 27. Rf2
h6 28. Re1 g5 29. Re4 a5 30. Rxd4 Bb7 31. Bf3 Rf5 32. Be4 Re5 33. hxg5 hxg5 34.
Rh2 Bxd5 35. Rh7+ Kg8 36. Rh6 Bxe4 37. dxe4 d5 38. exd5 Rbxd5 39. Rxd5 Rxd5+
40. Ke2 Kg7 41. Rc6 g4 42. Rc4 Rf5 43. Kf2 Kf6 44. c3 bxc3 45. bxc3 Kg5 46. Rc8
Rb5 47. Rg8+ Kf5 48. Rf8+ Ke4 49. Re8+ Kd3 0-1

[Event "Oberliga Ost B"]
[Site "?"]
[Date "2022.04.03"]
[Round "11.8"]
[White "Novak, Volker"]
[Black "Schmidt, Daniel"]
[Result "1-0"]
[WhiteElo "2066"]
[BlackElo "1865"]
[PlyCount "99"]
[EventDate "2021.10.10"]
[EventType "team-tourn"]
[EventCountry "GER"]
[WhiteTeam "Homburg Bad SK"]
[BlackTeam "Stadtilm SG BW"]
[WhiteTeamCountry "GER"]
[BlackTeamCountry "GER"]

1. d4 Nf6 2. c4 g6 3. Nc3 Bg7 4. e4 d6 5. Nf3 O-O 6. Be2 Nbd7 7. O-O e5 8. Qc2
exd4 9. Nxd4 Nc5 10. Rd1 Re8 11. f3 c6 12. Be3 Qe7 13. Nb3 Nfd7 14. Qd2 Be5 15.
Nd4 Nb6 16. b4 Nca4 17. Nxa4 Nxa4 18. Rac1 Nb6 19. Nb3 f5 20. Bg5 Bf6 21. Bxf6
Qxf6 22. Qxd6 Qf8 23. c5 Nd7 24. Bc4+ Kg7 25. exf5 gxf5 26. Nd4 Ne5 27. Ne6+
Bxe6 28. Qxe5+ Qf6 29. Qxf6+ Kxf6 30. Rd6 Rad8 31. Rcd1 Rxd6 32. Rxd6 Ke5 33.
Bxe6 Rxe6 34. Rxe6+ Kxe6 35. Kf2 Kd5 36. g4 fxg4 37. fxg4 a5 38. a3 a4 39. g5
Kc4 40. h4 Kb3 41. h5 Kxa3 42. g6 hxg6 43. h6 Kxb4 44. h7 Kxc5 45. h8=Q b5 46.
Ke3 b4 47. Kd3 Kb5 48. Qb8+ Kc5 49. Qe5+ Kb6 50. Kc4 1-0

[Event "Oberliga Ost B"]
[Site "?"]
[Date "2022.04.03"]
[Round "11.1"]
[White "Heinz, Axel"]
[Black "Kunin, Vitaly"]
[Result "1/2-1/2"]
[WhiteElo "2438"]
[BlackElo "2548"]
[PlyCount "240"]
[EventDate "2021.10.10"]
[EventType "team-tourn"]
[EventCountry "GER"]
[WhiteTeam "Oberursel SV"]
[BlackTeam "Moerlenbach Birkenau Freibauer"]
[WhiteTeamCountry "GER"]
[BlackTeamCountry "GER"]

1. e4 c5 2. Nf3 e6 3. d4 cxd4 4. Nxd4 Nc6 5. Nc3 Qc7 6. Qd3 a6 7. Nxc6 bxc6 8.
Qg3 Qxg3 9. hxg3 d5 10. Na4 Rb8 11. exd5 cxd5 12. Bf4 Rb4 13. b3 e5 14. Bd2 Rb8
15. Ba5 Bb4+ 16. Bxb4 Rxb4 17. c3 Rb8 18. Nc5 Rb6 19. O-O-O Ne7 20. Bd3 f6 21.
c4 dxc4 22. Bxc4 Nf5 23. Rhe1 Nd6 24. Bd5 Ke7 25. Kb2 Bg4 26. f3 Bh5 27. Rc1
Rc8 28. Ne4 Rxc1 29. Rxc1 Ne8 30. g4 Bf7 31. Bxf7 Kxf7 32. Rc8 g6 33. Ra8 Nc7
34. Rh8 Ke6 35. Rxh7 Nd5 36. Nc5+ Kd6 37. Ne4+ Ke6 38. Rg7 Ne7 39. Nc5+ Kd6 40.
Ne4+ Ke6 41. a3 a5 42. Rh7 Rb8 43. Nc5+ Kd6 44. Nd3 Nc6 45. g5 Nd4 46. b4 f5
47. Kc3 Nb5+ 48. Kd2 Nxa3 49. bxa5 Nc4+ 50. Kc3 Nxa5 51. Rg7 Rc8+ 52. Kd2 Nb3+
53. Kd1 Kd5 54. Rd7+ Ke6 55. Rb7 Nd4 56. Rg7 Rc3 57. Rxg6+ Kd5 58. Ne1 e4 59.
fxe4+ fxe4 60. Rg8 Rb3 61. Nc2 Ne6 62. Kd2 Rd3+ 63. Ke1 Ke5 64. g6 Kf6 65. Re8
Rd6 66. Ke2 Kxg6 67. Ne3 Ra6 68. Nc4 Nf4+ 69. Ke3 Nd5+ 70. Kd4 Nf6 71. Re5 Ra2
72. g4 Ra1 73. Nd2 Ra4+ 74. Kc3 e3 75. Nc4 Nxg4 76. Rxe3 Nxe3 77. Nxe3 Kf6 78.
Kd3 Ke5 79. Nc4+ Ke6 80. Kd4 Ra1 81. Ke4 Rh1 82. Ne3 Rh4+ 83. Kd3 Ke5 84. Nc4+
Kd5 85. Ne3+ Kc5 86. Nf5 Ra4 87. Ne3 Rd4+ 88. Ke2 Rd7 89. Kf3 Kd4 90. Nf5+ Ke5
91. Ne3 Rf7+ 92. Ke2 Ke4 93. Nf1 Rd7 94. Nd2+ Kf4 95. Nc4 Rd5 96. Nd2 Rd4 97.
Nf1 Ra4 98. Nd2 Ra3 99. Nc4 Rc3 100. Nd2 Re3+ 101. Kd1 Re8 102. Kc2 Ke3 103.
Kc3 Rc8+ 104. Nc4+ Ke4 105. Kb4 Kd4 106. Nb6 Rc5 107. Na4 Rc1 108. Kb5 Ra1 109.
Nb6 Rh1 110. Kc6 Rh5 111. Nd7 Rh6+ 112. Kb5 Re6 113. Nb6 Rd6 114. Na4 Rd5+ 115.
Kc6 Ra5 116. Nb6 Rc5+ 117. Kd6 Rc1 118. Nd7 Rh1 119. Nf6 Rh6 120. Ke6 Rxf6+
1/2-1/2

[Event "Oberliga Ost B"]
[Site "?"]
[Date "2022.04.03"]
[Round "11.2"]
[White "Galdunts, Sergey"]
[Black "Margolin, Boris"]
[Result "1-0"]
[WhiteElo "2413"]
[BlackElo "2402"]
[PlyCount "55"]
[EventDate "2021.10.10"]
[EventType "team-tourn"]
[EventCountry "GER"]
[WhiteTeam "Moerlenbach Birkenau Freibauer"]
[BlackTeam "Oberursel SV"]
[WhiteTeamCountry "GER"]
[BlackTeamCountry "GER"]

1. e4 e5 2. Nf3 Nf6 3. Nc3 Nc6 4. g3 Bc5 5. Bg2 d6 6. d3 a6 7. Be3 Bxe3 8. fxe3
O-O 9. Qd2 Be6 10. d4 exd4 11. exd4 d5 12. Ng5 dxe4 13. Nxe6 fxe6 14. O-O-O e5
15. d5 Nd4 16. Nxe4 Nxe4 17. Bxe4 Qf6 18. Kb1 Rad8 19. Qd3 Qh6 20. Rhf1 g6 21.
Qc4 Rxf1 22. Rxf1 b5 23. Qxc7 Rf8 24. Rxf8+ Qxf8 25. a4 bxa4 26. d6 Nb5 27.
Bd5+ Kh8 28. Qe7 1-0

[Event "Oberliga Ost B"]
[Site "?"]
[Date "2022.04.03"]
[Round "11.3"]
[White "Dubiel, Jacek"]
[Black "Legde, Georg"]
[Result "1/2-1/2"]
[WhiteElo "2419"]
[BlackElo "2319"]
[PlyCount "96"]
[EventDate "2021.10.10"]
[EventType "team-tourn"]
[EventCountry "GER"]
[WhiteTeam "Oberursel SV"]
[BlackTeam "Moerlenbach Birkenau Freibauer"]
[WhiteTeamCountry "GER"]
[BlackTeamCountry "GER"]

1. e4 c5 2. Nc3 e6 3. Nf3 Nc6 4. d4 cxd4 5. Nxd4 Qc7 6. Be3 a6 7. Bd3 b5 8.
Nxc6 Qxc6 9. O-O Bb7 10. Re1 Nf6 11. a3 Be7 12. Qf3 Qc7 13. Rad1 Bd6 14. h3
Bh2+ 15. Kh1 Be5 16. Bd2 O-O 17. Qe3 d6 18. f4 Bxc3 19. Bxc3 e5 20. Qd2 Rfe8
21. fxe5 dxe5 22. Re3 Bc6 23. Rf1 Re6 24. Qf2 Nh5 25. Qf3 Nf4 26. Bxe5 Rxe5 27.
Qxf4 Qe7 28. Rfe1 Re8 29. R3e2 h6 30. Qf2 Qb7 31. Qf4 Qb6 32. Qd2 Qd4 33. Qb4
Qd8 34. Qd2 Qh4 35. Re3 Bxe4 36. Bxe4 Rxe4 37. Rxe4 Rxe4 38. Rxe4 Qxe4 39. Qd8+
Kh7 40. Qc7 f5 41. Qc3 f4 42. Kh2 h5 43. Qc5 Qg6 44. Qe5 Qg3+ 45. Kh1 Kh6 46.
Qd6+ Kh7 47. Qe5 Kh6 48. Qd6+ Kh7 1/2-1/2

[Event "Oberliga Ost B"]
[Site "?"]
[Date "2022.04.03"]
[Round "11.4"]
[White "Felgendreher, Heiko"]
[Black "Stork, Oliver"]
[Result "1/2-1/2"]
[WhiteElo "2163"]
[BlackElo "2313"]
[PlyCount "120"]
[EventDate "2021.10.10"]
[EventType "team-tourn"]
[EventCountry "GER"]
[WhiteTeam "Moerlenbach Birkenau Freibauer"]
[BlackTeam "Oberursel SV"]
[WhiteTeamCountry "GER"]
[BlackTeamCountry "GER"]

1. e4 c5 2. Nf3 Nc6 3. d4 cxd4 4. Nxd4 Nf6 5. Nc3 d6 6. Bg5 e6 7. Qd2 a6 8.
O-O-O Bd7 9. f4 b5 10. Nxc6 Bxc6 11. Qe1 Qa5 12. Kb1 Ra7 13. Bxf6 gxf6 14. Bd3
h5 15. Qh4 Be7 16. f5 Qb4 17. Ne2 Kd7 18. fxe6+ fxe6 19. Qh3 Rg8 20. Nf4 f5 21.
a3 Qc5 22. exf5 Bf6 23. fxe6+ Kc7 24. Qf5 Qxf5 25. Bxf5 Raa8 26. Rhf1 h4 27.
Bh7 Rg7 28. Nh5 Rxh7 29. Nxf6 Re7 30. Rde1 Bxg2 31. Rf4 Rh8 32. c4 Rh6 33. Nd5+
Bxd5 34. cxd5 Rh5 35. Rc1+ Kb7 36. Rcf1 Kb6 37. Rf7 Rc7 38. e7 Re5 39. R7f6
Rcxe7 40. Rxd6+ Kc5 41. Rh6 Re1+ 42. Rxe1 Rxe1+ 43. Ka2 Kxd5 44. Rxh4 Re3 45.
Rh8 a5 46. h4 Rh3 47. h5 Rh2 48. h6 Kc6 49. h7 Kb7 50. Kb3 Rh3+ 51. Kc2 Rh2+
52. Kc3 Rh3+ 53. Kd4 Rh4+ 54. Ke5 Rh5+ 55. Kd6 Rh6+ 56. Ke5 Rh5+ 57. Kf6 Rh1
58. Ke6 Rh6+ 59. Kf5 Rh1 60. Kg6 Rg1+ 1/2-1/2

[Event "Oberliga Ost B"]
[Site "?"]
[Date "2022.04.03"]
[Round "11.5"]
[White "Weber, Samuel"]
[Black "Dittmar, Peter"]
[Result "1-0"]
[WhiteElo "2265"]
[BlackElo "2249"]
[PlyCount "61"]
[EventDate "2021.10.10"]
[EventType "team-tourn"]
[EventCountry "GER"]
[WhiteTeam "Oberursel SV"]
[BlackTeam "Moerlenbach Birkenau Freibauer"]
[WhiteTeamCountry "GER"]
[BlackTeamCountry "GER"]

1. c4 e6 2. g3 d5 3. Bg2 dxc4 4. Qa4+ Nd7 5. Qxc4 a6 6. Qc2 Ngf6 7. Nf3 Rb8 8.
Nc3 b6 9. d4 Bb7 10. O-O Be7 11. Rd1 O-O 12. e4 b5 13. a3 Nb6 14. Bf4 Rc8 15.
Rac1 c6 16. Qe2 Nfd7 17. h4 Re8 18. e5 Bf8 19. Ng5 h6 20. Nxf7 Kxf7 21. Be4 Nb8
22. Qh5+ Ke7 23. Qg6 Kd7 24. d5 cxd5 25. Bxd5 Nxd5 26. Nxd5 Bxd5 27. Rxd5+ exd5
28. Qf7+ Qe7 29. Qxd5+ Qd6 30. exd6 Rxc1+ 31. Bxc1 1-0

[Event "Oberliga Ost B"]
[Site "?"]
[Date "2022.04.03"]
[Round "11.6"]
[White "Wohlfart, Paulus"]
[Black "Schlamp, Robert"]
[Result "0-1"]
[WhiteElo "2109"]
[BlackElo "2259"]
[PlyCount "54"]
[EventDate "2021.10.10"]
[EventType "team-tourn"]
[EventCountry "GER"]
[WhiteTeam "Moerlenbach Birkenau Freibauer"]
[BlackTeam "Oberursel SV"]
[WhiteTeamCountry "GER"]
[BlackTeamCountry "GER"]

1. d4 Nf6 2. c4 g6 3. Nc3 Bg7 4. e4 d6 5. Bd3 e5 6. d5 O-O 7. Nge2 Nh5 8. O-O
Nd7 9. Rb1 f5 10. exf5 gxf5 11. f4 e4 12. Bc2 Ndf6 13. h3 Rf7 14. Be3 Bf8 15.
b4 Rg7 16. Qe1 Qe8 17. Nd1 Qg6 18. Qf2 Be7 19. Bd4 Bd7 20. Ne3 Kf7 21. a4 Qh6
22. c5 Rag8 23. Bb3 b6 24. Rbc1 Ng3 25. Nxg3 Rxg3 26. Kh2 Rxe3 27. Bxe3 Ng4+
0-1

[Event "Oberliga Ost B"]
[Site "?"]
[Date "2022.04.03"]
[Round "11.7"]
[White "Chandler, Patrick"]
[Black "Schaefer, Michael"]
[Result "1-0"]
[WhiteElo "2151"]
[BlackElo "2133"]
[PlyCount "109"]
[EventDate "2021.10.10"]
[EventType "team-tourn"]
[EventCountry "GER"]
[WhiteTeam "Oberursel SV"]
[BlackTeam "Moerlenbach Birkenau Freibauer"]
[WhiteTeamCountry "GER"]
[BlackTeamCountry "GER"]

1. Nf3 d5 2. b4 Nf6 3. Bb2 a5 4. b5 c5 5. a4 g6 6. e3 Bg7 7. d3 O-O 8. Be2 Nbd7
9. Nbd2 Qc7 10. Qb1 e5 11. c4 d4 12. e4 Nh5 13. g3 Nb6 14. Nh4 Nf6 15. Qc2 Be6
16. h3 Qc8 17. g4 Ne8 18. Ng2 f5 19. exf5 gxf5 20. f3 Qc7 21. gxf5 Bxf5 22.
O-O-O Bh6 23. Kb1 Nf6 24. Nh4 Be6 25. Bc1 Kh8 26. Rdg1 Nh5 27. Bd1 Qe7 28. Rg4
Nf4 29. Ne4 Nd7 30. Ng2 Bxg4 31. hxg4 Bg5 32. Nxg5 Qxg5 33. Rh5 Qe7 34. Nxf4
exf4 35. Qh2 Rf7 36. Bd2 Raf8 37. Bxa5 Qe3 38. Bd2 Qe7 39. a5 Ne5 40. Qe2 Nd7
41. Qxe7 Rxe7 42. Rd5 Rff7 43. b6 Re5 44. Rd6 Kg7 45. Ba4 Nb8 46. Rd8 Na6 47.
Bb5 Re2 48. Kc1 Nb4 49. Bxb4 cxb4 50. Rd7 Rxd7 51. Bxd7 Re3 52. a6 Rxd3 53. a7
Ra3 54. c5 Rc3+ 55. Kb2 1-0